000 00696nam a2200193Ia 4500
003 GCL
008 140319s9999 xx 000 0 ara d
040 _aGCL /
_cGCL
082 0 4 _a327.172
_bت ب
100 1 _aالتيجانى الطيب بابكر
245 1 0 _aالبحث عن السلام فى السودان /
_cالتيجانى الطيب بابكر
260 _aالقاهرة :
_bالشركة العالمية للطباعة والنشر ،
_c2005
300 _a238 ص ؛
_c20 سم
650 0 4 _aنزع السلاح
650 0 4 _aالسلام العالمى
650 0 4 _aاعادة التعمير
650 0 4 _aالسودان - الاحوال السياسية
942 _2ddc
_cBK
999 _c52516
_d52516